00775 2200253 4500001002100000005001500021035002000036007000300056008004100059020002200100082001100122084001700133100001900150245017400169250001000343260004900353300003200402650002600434700002300460990000900483990001000492990001000502990000900512INLIS00000000000033620170920031124 a0010-0917000322ta170920 b 0 ind  a978-979-055-602-0 a297.22 a297.22 ARI e0 aAriany Syuifah1 aEnsiklopedika Pendidikan Agama Islam Disiplin Jilid 5 :bMewujudkan Islam dalam Sikap dan Kesalehan Ibad,ah, Kreatif, dan Sosial /cAriany Syuifah dan Safitri Lulsiana D acet.1 aBandung :bSygma Creative Media Group,c2015 a60hlm :bilus ;c20 x 29 cm aAkidah, Akhlak, Islam0 aSafitri Lulsiana D a5822 a5822a a5822a a5822